| 000 | 00382nam a22001337a 4500 | ||
|---|---|---|---|
| 020 | _a0-08-028339-X | ||
| 082 | _a623-BRA WAR | ||
| 100 |
_aWARD, J.W.D,TURNER, G.N _974230 |
||
| 245 | _aMILITARY DATA PROCESSING & MICROCOMPUTERS | ||
| 260 |
_aUSA _bBRASSEY,S _c1982 |
||
| 300 | _aXIII,221P | ||
| 650 |
_aMILITARY ART AND SCIENCE DATA PROCESSING, MICROCOMPUTERS _974231 |
||
| 942 | _cBK | ||
| 999 |
_c579792 _d579792 |
||